| 000 | 00540nam a22002057a 4500 | ||
|---|---|---|---|
| 005 | 20260515115052.0 | ||
| 008 | 250301b |||||||| |||| 00| 0 eng d | ||
| 020 | _a9788119679546 | ||
| 040 |
_aIN-DiNC _cIN-DiNC |
||
| 041 | _deng | ||
| 082 |
_a820 _bNEO |
||
| 100 |
_aNeog, Biswajit _eauthor |
||
| 245 |
_aBritish literature 19th century(major 6)/ _cBiswajit Neog |
||
| 250 | _a1st ed. | ||
| 260 |
_aJorhat: _bBidya Bhawan, _c2025. |
||
| 300 | _a400p. | ||
| 650 | _aBritish Literature | ||
| 700 | _aBiswajit Neog | ||
| 942 |
_2ddc _cBK |
||
| 999 |
_c12073 _d12073 |
||